<?xml version="1.0" encoding="UTF-8"?>
<record
    xmlns:xsi="http://www.w3.org/2001/XMLSchema-instance"
    xsi:schemaLocation="http://www.loc.gov/MARC21/slim http://www.loc.gov/standards/marcxml/schema/MARC21slim.xsd"
    xmlns="http://www.loc.gov/MARC21/slim">

  <leader>01678nam a22002297a 4500</leader>
  <controlfield tag="003">Uzh_bibl</controlfield>
  <controlfield tag="008">240515b        |||||||| |||| 00| 0 ukr d</controlfield>
  <datafield tag="020" ind1=" " ind2=" ">
    <subfield code="a">978-966-671-446-9</subfield>
    <subfield code="c">80 &#x433;&#x440;&#x43D;.</subfield>
  </datafield>
  <datafield tag="040" ind1=" " ind2=" ">
    <subfield code="b">&#x443;&#x43A;&#x440;.</subfield>
  </datafield>
  <datafield tag="041" ind1=" " ind2=" ">
    <subfield code="2">ukr</subfield>
    <subfield code="a">ukr</subfield>
  </datafield>
  <datafield tag="080" ind1=" " ind2=" ">
    <subfield code="a">908(477.87)</subfield>
  </datafield>
  <datafield tag="090" ind1=" " ind2=" ">
    <subfield code="a">908(477.87)</subfield>
    <subfield code="b">&#x41A; 92</subfield>
  </datafield>
  <datafield tag="100" ind1=" " ind2=" ">
    <subfield code="a">&#x41A;&#x443;&#x43F;&#x430;&#x440;&#x44C;, &#x41C;&#x430;&#x440;&#x456;&#x44F;.</subfield>
  </datafield>
  <datafield tag="245" ind1=" " ind2=" ">
    <subfield code="a">&#x41D;&#x435;&#x43C;&#x430;&#x454; &#x43A;&#x440;&#x430;&#x449;&#x43E;&#x433;&#x43E;, &#x44F;&#x43A; &#x432; &#x446;&#x44C;&#x43E;&#x43C;&#x443; &#x441;&#x432;&#x456;&#x442;&#x456; &#x436;&#x438;&#x442;&#x438;</subfield>
    <subfield code="c">&#x440;&#x435;&#x434;. &#x411;.&#x41A;&#x443;&#x448;&#x43D;&#x456;&#x440;</subfield>
    <subfield code="h">&#x422;&#x435;&#x43A;&#x441;&#x442;</subfield>
  </datafield>
  <datafield tag="260" ind1=" " ind2=" ">
    <subfield code="a">&#x423;&#x436;&#x433;&#x43E;&#x440;&#x43E;&#x434;</subfield>
    <subfield code="b">&#x41A;&#x430;&#x440;&#x43F;&#x430;&#x442;&#x438;</subfield>
    <subfield code="c">2017 </subfield>
  </datafield>
  <datafield tag="300" ind1=" " ind2=" ">
    <subfield code="a">128 &#x441;.</subfield>
    <subfield code="b">&#x456;&#x43B;.</subfield>
    <subfield code="f">&#x412; &#x43E;&#x43F;&#x440;.</subfield>
  </datafield>
  <datafield tag="520" ind1=" " ind2=" ">
    <subfield code="a">&#x41D;&#x430; &#x43E;&#x43A;&#x440;&#x435;&#x43C;&#x435; &#x441;&#x43B;&#x43E;&#x432;&#x43E; &#x437;&#x430;&#x441;&#x43B;&#x443;&#x433;&#x43E;&#x432;&#x443;&#x454; &#x439; &#x43B;&#x456;&#x442;&#x435;&#x440;&#x430;&#x442;&#x443;&#x440;&#x43D;&#x430; &#x442;&#x432;&#x43E;&#x440;&#x447;&#x456;&#x441;&#x442;&#x44C; &#x41C;&#x430;&#x440;&#x456;&#x457; &#x41A;&#x443;&#x43F;&#x430;&#x440;&#x44C;. &#x407;&#x457; &#x432;&#x456;&#x440;&#x448;&#x456; &#x2013; &#x446;&#x435; &#x43F;&#x43E;&#x435;&#x437;&#x456;&#x44F; &#x43B;&#x44E;&#x434;&#x438;&#x43D;&#x438;, &#x44F;&#x43A;&#x430; &#x43C;&#x430;&#x454; &#x436;&#x438;&#x442;&#x442;&#x454;&#x432;&#x438;&#x439; &#x434;&#x43E;&#x441;&#x432;&#x456;&#x434;, &#x43C;&#x43E;&#x436;&#x43B;&#x438;&#x432;&#x43E;, &#x442;&#x440;&#x43E;&#x445;&#x438; &#x432;&#x442;&#x43E;&#x43C;&#x43B;&#x435;&#x43D;&#x430; &#x431;&#x43E;&#x440;&#x43E;&#x442;&#x44C;&#x431;&#x43E;&#x44E;, &#x430;&#x43B;&#x435; &#x43D;&#x435; &#x437;&#x43B;&#x430;&#x43C;&#x430;&#x43D;&#x430; &#x43E;&#x431;&#x441;&#x442;&#x430;&#x432;&#x438;&#x43D;&#x430;&#x43C;&#x438;, &#x456; &#x44F;&#x43A;&#x430; &#x436;&#x438;&#x432;&#x435;, &#x43A;&#x435;&#x440;&#x443;&#x44E;&#x447;&#x438;&#x441;&#x44C; &#x411;&#x43E;&#x436;&#x438;&#x43C;&#x438; &#x437;&#x430;&#x43F;&#x43E;&#x432;&#x456;&#x434;&#x44F;&#x43C;&#x438;. &#x407;&#x457; &#x43F;&#x43E;&#x435;&#x437;&#x456;&#x44F; &#x433;&#x43B;&#x438;&#x431;&#x43E;&#x43A;&#x43E; &#x434;&#x443;&#x445;&#x43E;&#x432;&#x43D;&#x430;, &#x441;&#x43F;&#x43E;&#x432;&#x43D;&#x435;&#x43D;&#x430; &#x445;&#x440;&#x438;&#x441;&#x442;&#x438;&#x44F;&#x43D;&#x441;&#x44C;&#x43A;&#x43E;&#x457; &#x43B;&#x44E;&#x431;&#x43E;&#x432;&#x456; &#x434;&#x43E; &#x431;&#x43B;&#x438;&#x436;&#x43D;&#x44C;&#x43E;&#x433;&#x43E;, &#x434;&#x43E; &#x432;&#x441;&#x44C;&#x43E;&#x433;&#x43E; &#x441;&#x443;&#x449;&#x43E;&#x433;&#x43E; &#x43D;&#x430; &#x446;&#x456;&#x439; &#x417;&#x435;&#x43C;&#x43B;&#x456;. &#x422;&#x432;&#x43E;&#x440;&#x438; &#x457;&#x457; &#x433;&#x443;&#x43C;&#x430;&#x43D;&#x456;&#x441;&#x442;&#x438;&#x447;&#x43D;&#x456;, &#x432;&#x447;&#x430;&#x442;&#x44C; &#x434;&#x43E;&#x431;&#x440;&#x443;, &#x43C;&#x430;&#x44E;&#x442;&#x44C; &#x44F;&#x441;&#x43A;&#x440;&#x430;&#x432;&#x43E; &#x432;&#x438;&#x440;&#x430;&#x436;&#x435;&#x43D;&#x438;&#x439; &#x43E;&#x43F;&#x442;&#x438;&#x43C;&#x456;&#x441;&#x442;&#x438;&#x447;&#x43D;&#x438;&#x439; &#x445;&#x430;&#x440;&#x430;&#x43A;&#x442;&#x435;&#x440;, &#x444;&#x456;&#x43B;&#x43E;&#x441;&#x43E;&#x444;&#x441;&#x44C;&#x43A;&#x443; &#x441;&#x43F;&#x440;&#x44F;&#x43C;&#x43E;&#x432;&#x430;&#x43D;&#x456;&#x441;&#x442;&#x44C;, &#x432;&#x43E;&#x434;&#x43D;&#x43E;&#x447;&#x430;&#x441; &#x43F;&#x43E;-&#x434;&#x438;&#x442;&#x44F;&#x447;&#x43E;&#x43C;&#x443; &#x449;&#x438;&#x440;&#x456; &#x439; &#x431;&#x435;&#x437;&#x43F;&#x43E;&#x441;&#x435;&#x440;&#x435;&#x434;&#x43D;&#x456;.</subfield>
  </datafield>
  <datafield tag="546" ind1=" " ind2=" ">
    <subfield code="a">&#x443;&#x43A;&#x440;.</subfield>
  </datafield>
  <datafield tag="650" ind1=" " ind2=" ">
    <subfield code="a"> &#x41A;&#x440;&#x430;&#x454;&#x437;&#x43D;&#x430;&#x432;&#x447;&#x430; &#x43B;&#x456;&#x442;&#x435;&#x440;&#x430;&#x442;&#x443;&#x440;&#x430; </subfield>
    <subfield code="x">&#x41B;&#x456;&#x442;&#x435;&#x440;&#x430;&#x442;&#x443;&#x440;&#x43D;&#x43E;-&#x445;&#x443;&#x434;&#x43E;&#x436;&#x43D;&#x454; &#x432;&#x438;&#x434;&#x430;&#x43D;&#x43D;&#x44F;</subfield>
  </datafield>
  <datafield tag="655" ind1=" " ind2=" ">
    <subfield code="a">&#x421;&#x442;&#x430;&#x442;&#x442;&#x456; &#x43F;&#x440;&#x43E; &#x43D;&#x430;&#x440;&#x43E;&#x434;&#x43D;&#x435; &#x43C;&#x438;&#x441;&#x442;&#x435;&#x446;&#x442;&#x432;&#x43E;. &#x412;&#x456;&#x440;&#x448;&#x456;</subfield>
  </datafield>
  <datafield tag="942" ind1=" " ind2=" ">
    <subfield code="2">udc</subfield>
    <subfield code="c">BK</subfield>
  </datafield>
  <datafield tag="999" ind1=" " ind2=" ">
    <subfield code="c">9862</subfield>
    <subfield code="d">9862</subfield>
  </datafield>
  <datafield tag="952" ind1=" " ind2=" ">
    <subfield code="0">0</subfield>
    <subfield code="1">0</subfield>
    <subfield code="2">udc</subfield>
    <subfield code="4">0</subfield>
    <subfield code="7">0</subfield>
    <subfield code="a">F2</subfield>
    <subfield code="b">F2</subfield>
    <subfield code="c">ABP</subfield>
    <subfield code="d">2024-05-15</subfield>
    <subfield code="i">68738</subfield>
    <subfield code="l">0</subfield>
    <subfield code="o">908(477.87)</subfield>
    <subfield code="p">11922</subfield>
    <subfield code="r">2024-05-15</subfield>
    <subfield code="w">2024-05-15</subfield>
    <subfield code="y">BK</subfield>
  </datafield>
</record>
